000 00477nam a2200181Ia 4500
003 OSt
005 20260119160620.0
008 210210b1950 xxu||||| |||| 00| 0 eng d
040 _cAL
041 _aKannada
082 _a859/218
100 _aINDIRATANAYA
_9148439
_dಇಂದಿರತನಯ
245 _aMariyautana:
_bಮರಿಯವುತಣ
260 _aBengaluru
_bH N Rao Brothers
_c1950
690 _aKannada Fiction
_9148440
906 _a020993
942 _2ddc
_cBK
999 _c145155
_d145155